The Egyptian news : (Record no. 5827)

MARC details
000 -LEADER
fixed length control field 00916nam a22002657a 4500
001 - CONTROL NUMBER
control field 5827
003 - CONTROL NUMBER IDENTIFIER
control field FISKH
005 - DATE AND TIME OF LATEST TRANSACTION
control field 20250123125409.0
008 - FIXED-LENGTH DATA ELEMENTS--GENERAL INFORMATION
fixed length control field 250123b cb ||||| |||| 00| 0 eng d
020 ## - INTERNATIONAL STANDARD BOOK NUMBER
International Standard Book Number 9780590266178
040 ## - CATALOGING SOURCE
Original cataloging agency FISKH
Language of cataloging eng
Transcribing agency FISKH
Modifying agency FISKH
050 ## - LIBRARY OF CONGRESS CALL NUMBER
Classification number DT61.S8653
082 ## - DEWEY DECIMAL CLASSIFICATION NUMBER
Classification number 932
100 ## - MAIN ENTRY--PERSONAL NAME
Personal name Steedman, Scott
245 ## - TITLE STATEMENT
Title The Egyptian news :
Remainder of title The greatest newspaper in civilization /
Statement of responsibility, etc. by Scott Steedman
250 ## - EDITION STATEMENT
Edition statement This edition first printing, October 2005
260 ## - PUBLICATION, DISTRIBUTION, ETC.
Place of publication, distribution, etc. New York :
Name of publisher, distributor, etc. Scholastic ,
Date of publication, distribution, etc. 1997.
300 ## - PHYSICAL DESCRIPTION
Extent 32 pages :
Other physical details color illustrations ;
Dimensions 28 cm .
490 ## - SERIES STATEMENT
Series statement History News
520 ## - SUMMARY, ETC.
Summary, etc. Uses a newspaper format to present articles about the history, politics, fashion, food, daily life, and afterlife of the ancient Egyptians.
650 ## - SUBJECT ADDED ENTRY--TOPICAL TERM
Topical term or geographic name entry element ancient civilizations
Form subdivision non-fiction
700 ## - ADDED ENTRY--PERSONAL NAME
Personal name Putnam, James
Relator term Consultant
942 ## - ADDED ENTRY ELEMENTS (KOHA)
Source of classification or shelving scheme Dewey Decimal Classification
Koha item type Books
Suppress in OPAC No
Holdings
Withdrawn status Lost status Source of classification or shelving scheme Damaged status Not for loan Collection Home library Current library Shelving location Date acquired Total Checkouts Full call number Barcode Date last seen Price effective from Koha item type
    Dewey Decimal Classification     Non-Fiction Footprints International School Library Network Toul Kork Campus Footprints International School Library Network Toul Kork Campus TTP Secondary Non-Fiction Bookshelves 01/23/2025   STE 932 DT61.S8653 FISSE01278 01/23/2025 01/23/2025 Books